000 02198 a2200289 4500
003 OSt
005 20180116192359.0
008 120702t xxu||||| |||| 00| 0 eng d
010 _a 2010513476
020 _a9780714848297
020 _a0714848298
035 _a(OCoLC)ocn154782999
040 _c0
082 0 4 _a730.973
245 0 0 _aUnmonumental :
_bthe object in the 21st century /
_c[essays by Richard Flood ... [et. al].
260 _aLondon :
_bPhaidon ;
_aNew York :
_bNew Museum,
_c2007.
300 _a216 p. :
_bcol. ill. ;
_c30 cm.
500 _a"Phaidon in association with New Museum"
505 0 _aNot about Mel Gibson / by Richard Flood -- Sculptures by Alexandra Bircken, John Bock, Carol Bove, Martin Boyce, Tobias Buche, Carlos Bunga, Tom Burr, Abraham Cruzvillegas, Aaron Curry, Sam Durant ; biographies by Sara Reisman -- Ask the dust / by Massimiliano Gioni -- Sculptures by Urs Fischer, Claire Fontaine, Isa Genzken, Rachel Harrison, Elliott Hundley, Gabriel Kuri, Jim Lambie, Nate Lowman, Sarah Lucas, Matthew Monahan -- Unmonumental : going to pieces in the 21st century / by Laura Hoptman -- Sculptures by Kristen Morgin, Manfred Pernice, Anselm Reyle, Marc André Robinson , Eva Rothschild, Lara Schnitger, Gedi Sibony, Shinique Smith, Nobuko Tsuchiya, Rebecca Warren -- Sculpture : a minor place / by Trevor Smith -- Yesterday's news / by Benjamin Godsill -- A critical glossary of space and sculpture / by Eva Diaz.
520 _a"Unmonumental: The Object in the 21st Century" is the first exhibition in the "Unmonumental" cycle, and explores the reinvention of sculptural assemblage. Using found, fragmented, and discarded materials, the works of the artists on view make a case for modesty, informality, and improvisation. The exhibition includes more than one hundred objects by thirty artists who represent a wide range of backgrounds and artistic strategies.
650 1 0 _aSculpture, Modern
_y21st century
_94970
650 1 0 _aAssemblage (Art)
_94971
700 1 _aFlood, Richard,
_d1943-
_94972
710 2 _aNew Museum (New York, N.Y.)
_94973
942 _aSADA
_cBK
_k730.973 UNM 2007
_2ddc
999 _c353237
_d353237